| 000 | 00873nam a2200265Ia 4500 | ||
|---|---|---|---|
| 001 | Para_9028 | ||
| 003 | CHAP | ||
| 008 | 220125s2004 xx 000 0 und d | ||
| 010 | _a207806 | ||
| 040 | _cCHAP | ||
| 082 | _aPA 636.08 R4 2004 | ||
| 111 |
_aReunión Nacional de Investigación Pecuaria (40:2004: Mérida, Yucatán) _9174295 |
||
| 245 |
_aMemoria simposiums internacionales y conferencias magistrales / _c por Consejo de Ciencia y Tecnología del Estado de Yucatán |
||
| 260 |
_aMérida, Yuc. : _b CONCYTEY |
||
| 300 | _a236 p. | ||
| 650 |
_aGanadería _x Congresos _944677 |
||
| 650 |
_aGanadería _x investigación _x México _x Bibliografía _9170223 |
||
| 901 | _aPA 636.08 R4 2004 | ||
| 902 | _aA | ||
| 905 | _a0000002004 in 0000000000 00 | ||
| 910 | _a2004 | ||
| 942 | _cPARA | ||
| 942 |
_cPARA _d1 |
||
| 999 |
_c207806 _d207806 |
||